书目信息 |
| 题名: |
保险法修正解读
|
|
| 作者: | 袁力 编著 | |
| 分册: | ||
| 出版信息: | 北京 中国物资出版社 2003.01 |
|
| 页数: | 144页 | |
| 开本: | 21cm | |
| 丛书名: | ||
| 单 册: | ||
| 中图分类: | D922.284 | |
| 科图分类: | ||
| 主题词: | 保险法--注释--中国 | |
| 电子资源: | ||
| ISBN: | 7-80155-482-5 | |
| 000 | 00740nam0 22002172 4500 | |
| 001 | 192004003781 | |
| 005 | 20070914103827.93 | |
| 010 | @a7-80155-482-5@dCNY10.00 | |
| 100 | @a20070602d2003 ekmy0chiy0121 ea | |
| 101 | 0 | @achi |
| 102 | @aCN@b110000 | |
| 105 | @ay n 000yy | |
| 200 | 1 | @a保险法修正解读@Abao xian fa xiu zheng xie du@f袁力编著 |
| 210 | @a北京@c中国物资出版社@d2003.01 | |
| 215 | @a144页@d21cm | |
| 330 | @a本书内容包括:全国人大常委会副委员长蒋正华在中国保监会贯彻实施新《保险法》座谈会上的讲话、国务院法制力副主任宋大涵在中国保监会贯彻实施新《保险法》座谈会上的讲话等内容。 | |
| 606 | 0 | @a保险法@x注释@y中国 |
| 690 | @aD922.284@v4 | |
| 701 | 0 | @a袁力@Ayuan li@4编著 |
| 801 | 0 | @aCN@c20070914 |
| 905 | @dD922.284@eY893 | |
| 保险法修正解读/袁力编著.-北京:中国物资出版社,2003.01 |
| 144页;21cm |
| ISBN 7-80155-482-5:CNY10.00 |
| 本书内容包括:全国人大常委会副委员长蒋正华在中国保监会贯彻实施新《保险法》座谈会上的讲话、国务院法制力副主任宋大涵在中国保监会贯彻实施新《保险法》座谈会上的讲话等内容。 |
| ● |
| 相关链接 |
|
|
|
正题名:保险法修正解读
索取号:D922.284/Y893
 
预约/预借
| 序号 | 登录号 | 条形码 | 馆藏地/架位号 | 状态 | 备注 |
| 1 | 617879 | 206178795 | 社科库509/509社科库 87排1列2层/ [索取号:D922.284/Y893] | 在馆 | |
| 2 | 617880 | 206178802 | 社科库509/509社科库 87排1列2层/ [索取号:D922.284/Y893] | 在馆 | |
| 3 | 617881 | 206178811 | 社科库509/509社科库 87排1列2层/ [索取号:D922.284/Y893] | 在馆 |